000 00472nam a22001697a 4500
003 OSt
005 20211125094656.0
008 211125b |||||||| |||| 00| 0 eng d
020 _a0-8120-5161-0
040 _cHAWASSA UNIVERSITY
050 _a828.07/WAL
_b3
082 _a828.07/WAL
_b3
100 _aWALKET STELLA STELLA
_qWALKET STELLA STELLA
_920451
245 _aENAMOURED OF AN ASS A DONKEY ANTHOLOGY
260 _aNEW YORK
_bBARRON'S
_c1977
942 _2ddc
_cBOOKS
_n0
999 _c20060
_d20060